| 000 | 00947nam a22003017a 4500 | ||
|---|---|---|---|
| 001 | 200453521 | ||
| 003 | TR-AnTOB | ||
| 005 | 20241114143419.0 | ||
| 007 | ta | ||
| 008 | 230710s2022 tu a|||j |||| 00| j tur d | ||
| 020 | _a9786057046727 | ||
| 040 |
_aTR-AnTOB _beng _erda _cTR-AnTOB |
||
| 041 | 0 | _atur | |
| 092 |
_a808.068 _bSELk 2022 |
||
| 100 | 1 |
_aSelçuk, Deniz _eauthor _eillustrator _9142428 |
|
| 245 | 1 | 0 |
_aKim demiş filler şarkı söyleyemez / _cYazan ve Resimleyen: Deniz Selçuk. |
| 250 | _a5. baskı | ||
| 264 | 1 |
_aİstanbul : _bKağıt Uçak Yayınevi, _c2022. |
|
| 300 |
_a32 pages : _billustrations ; _c27 cm. |
||
| 336 |
_2rdacontent _atext _btxt |
||
| 337 |
_2rdamedia _aunmediated _bn |
||
| 338 |
_2rdacarrier _avolume _bnc |
||
| 500 | _a"Pedagojik Danışman Onaylıdır" --k. | ||
| 653 |
_aÇocuk edebiyatı _aÇocuk hikayeleri _aHayvanlar |
||
| 942 |
_2ddc _cBK |
||
| 999 |
_c200453521 _d71733 |
||